Úvod do manažmentu a marketingu učebné texty na prípravu vedúcich pedagogických pracovníkov

Salvato in:
Dettagli Bibliografici
Autore principale: Rudy, Ján
Altri autori: Cibáková, Viera
Natura: Libro
Lingua:slovacco
Pubblicazione: Bratislava Štátny pedagogický ústav v Bratislave 1996
Soggetti:
Tags: Aggiungi Tag
Nessun Tag, puoi essere il primo ad aggiungerne!!

MARC

LEADER 00000nam$a2200000$$$4500
001 0055530
005 20240111125558.4
020 |a 80-85756-25-0 
041 0 |a slo 
044 |a SK 
245 1 0 |a Úvod do manažmentu a marketingu  |b učebné texty na prípravu vedúcich pedagogických pracovníkov  |c Ján Rudy, Viera Cibáková 
264 1 |a Bratislava  |b Štátny pedagogický ústav v Bratislave  |c 1996 
300 |a 164 s. 
610 2 0 |a manažment 
610 2 0 |a marketing 
610 2 0 |a plánovanie 
610 2 0 |a vedenie ľudí 
610 2 0 |a kontrola 
610 2 0 |a manažéri 
610 2 0 |a podnik malý 
610 2 0 |a riadenie podnikové 
610 2 0 |a podnikanie 
100 1 |a Rudy, Ján 
700 1 |a Cibáková, Viera